000 00757cam a22002414a 4500
001 16274604
005 20180208033129.0
008 100609s2011 caua b 001 0 eng
010 _a 2010023924
020 _a9781412989183 (miscellaneous (3 hole punch))
020 _a9781412968508 (pbk.)
040 _aDLC
_cDLC
041 _aeng
080 _a155.4
082 0 0 _a155.4 LEV
_222
100 1 _a48
101 _aPSI
245 1 0 _aChild development :
_cLaura E. Levine, Joyce Munsch.
504 _aIncludes bibliographical references and index.
906 _a7
_bcbc
_corignew
_d1
_eecip
_f20
_gy-gencatlg
942 _2ddc
_cBK
999 _c42065
_d42065